Statistics for Polygon Quiz

Click here to take the quiz!

General Stats

  • This quiz has been taken 72 times
  • The average score is 9 of 16

Answer Stats

Answer% Correct
regular heptagon
86%
regular pentagon
84%
equilateral triangle
82%
regular decagon
70%
trapezium
68%
parallelogram
68%
rectangle
66%
isosceles triangle
62%
square
58%
regular octagon
56%
kite
52%
regular nonagon
50%
rhombus
28%
regular hexagon
28%
isosceles right-angled triangle
6%
scalene right-angled triangle
4%

Score Distribution

Percentile by Number Answered

Percent of People with Each Score

Your Score History

You have not taken this quiz